000 00661cam a2200289ua 4500
020 _c85.00
041 _aeng
_h
082 _a519.5
_bGUP/ST
100 _aGupta, S P .
245 _aStatistical methods /
_cS P Gupta.
_hTextual Documents
250 _a24 /
_b.
260 _aIndia :
_bS.Chand & Sons ,
_c1989.
300 _a1460 ; .
365 _a85.00
504 _a
942 _cBK
999 _c114
_d114